[Event "Porto San Giorgio Weekend-B 14th"]
[Site "Porto San Giorgio"]
[Date "2011.11.20"]
[Round "2"]
[White "Marchetti, Michael"]
[Black "Skrijely, Edin"]
[Result "1-0"]
[WhiteElo "1629"]
[BlackElo "1737"]
[PlyCount "107"]
[EventDate "2011.11.19"]
[EventType "swiss"]
[EventRounds "6"]
[EventCountry "ITA"]
[SourceTitle "EXT 2024"]
[Source "ChessBase"]
[SourceDate "2023.10.10"]
[SourceVersion "1"]
[SourceVersionDate "2023.10.10"]
[SourceQuality "1"]

1. Nf3 Nf6 2. b3 e6 3. Bb2 d5 4. d4 a6 5. e3 c5 6. c4 Nc6 7. Nbd2 cxd4 8. Nxd4 Bb4 9. a3 Bc5 10. N2f3 0-0 11. Rc1 Nxd4 12. Nxd4 Qe7 13. b4 Ba7 14. Be2 e5 15. Nf3 d4 16. exd4 exd4 17. Bxd4 Bxd4 18. Qxd4 Rd8 19. Qe5 Be6 20. 0-0 Ng4 21. Qe4 Qc7 22. h3 Nf6 23. Qe5 Qxe5 24. Nxe5 Re8 25. f4 Ne4 26. Bf3 Ng3 27. Rfd1 Rab8 28. Kf2 Nf5 29. Bd5 Bxd5 30. Rxd5 f6 31. Nd7 Rbd8 32. Re1 Ne7 33. Rxe7 Rxe7 34. Nxf6+ gxf6 35. Rxd8+ Kf7 36. Rd4 Kg6 37. g4 h6 38. c5 h5 39. Rc4 hxg4 40. hxg4 f5 41. g5 Re6 42. a4 Kf7 43. b5 Ke7 44. bxa6 Rxa6 45. Rb4 Ra7 46. Ke3 Ke6 47. Kd4 Kf7 48. Ke5 Kg6 49. Rb6+ Kg7 50. Kxf5 Rxa4 51. Rxb7+ Kf8 52. c6 Ra5+ 53. Kg4 Ke8 54. g6 1-0